Nhân sự chìa khoá của thành công

Salvato in:
Dettagli Bibliografici
Autore principale: Trần Quang Tuệ
Natura: Libro
Lingua:Vietnamese
Pubblicazione: Hà Nội 1999
Tags: Aggiungi Tag
Nessun Tag, puoi essere il primo ad aggiungerne! !
Thư viện lưu trữ: Mạng thư viện Đại học Đà Nẵng
LEADER 00638nam a2200277 4500
001 000026101
003 1634
005 20150325120000.0
008 150325s vm 000 vie
020 |c 14000,0000 
040 |a NOTTS 
100 |a Trần Quang Tuệ 
245 |a Nhân sự chìa khoá của thành công 
260 |b Hà Nội  |c 1999 
300 |a 142tr. ; 
OWN |a LTT 
999 |a From the UDN01 
TYP |a Monograph 
TYP |a Printed language 
980 |a Mạng thư viện Đại học Đà Nẵng